000 005200000a22001810004500
003 MACL
005 20160319154512.0
008 160319b xxu||||| |||| 00| 0 eng d
040 _aMACL
_cMACL
041 _aHindi
082 _a800
100 _aसुधेश
_947510
245 _aसाहित्‍य के विविध आयाम
260 _bनालंदा प्रकाशन
_c1983
_aनई दिल्‍ली
350 _a40
650 _aLiterature
_947511
942 _cHIN
_k800
_2ddc
999 _c28490
_d28490